000 00597 a2200217 4500
260 _aParis
100 _aVan DANTZIG, Albert
440 _n3
260 _bSociété Française d'Histoire d'Outre-Mer
300 _axii-327 p.
245 _aLes Hollandais sur la côte de Guinée à l'époque de l'essor de l'Ashanti et du Dahomey 1680-1740
650 _aColonisation
300 _bCouv. ill. en coul.
260 _c1980
130 _lFr
440 _aBibliothèque d'Histoire d'Outre-Mer
651 _aAfrique de l'Ouest
020 _a2-85970-003-X
999 _c21424
_d21424